000
00515nam a2200145Ia 4500
008
100204s9999 xx 000 0 und d
082
_b
4566
100
_a
नाथ माधव
245
_a
हेमचंद्र्र रोहिणी
260
_b
"नवभारत प्रकाशन संस्था, दादर"
_c
1978 5
300
_a
91
630
_a
हेमचंद्र्र रोहिणी
730
_a
हेमचंद्र्र रोहिणी
942
_c
BOOK
999
_c
449291
_d
449288